000 01515cam a2200349 i 4500
001 192098
003 SpMaBN
005 20250511130216.0
008 221104r20071911sp b 001 0bspa
017 _aM 28065-2007
_bOficina Depósito Legal Madrid
040 _cSpMaBN
080 _a929 Rojas Zorrilla, Francisco de
080 _a012 Rojas Zorrilla, Francisco de
100 1 _aCotarelo y Mori, Emilio,
_d1857-1936
_eaut
_941168
245 1 0 _aDon Francisco de Rojas Zorrilla :
_bnoticias biográficas y bibliográficas /
_cpor D. Emilio Cotarelo y Mori.
250 _aEdición facsímil con prólogo e índice /
_bde Abraham Madroñal.
260 _aToledo :
_bReal Academia de Bellas Artes y Ciencias Históricas de Toledo,
_c2007
300 _aXCVI, 311 páginas ;
_c19 cm.
500 _aÍndice
504 _aBibliografía: páginas [125]-135
534 _pReproducción de la edición de:
_cMadrid : Imp. de la Revista de Archivos, 1911
600 1 7 _aRojas Zorrilla, Francisco de,
_d1607-1648-
_vBiobibliografías
_2
_9170509
655 7 _2tgfbne
_9226495
_aFacsímiles
655 0 _9233879
_aBiobibliografías
700 1 _aMadroñal Durán, Abraham.
_975368
_epbl
710 2 _aReal Academia de Bellas Artes y Ciencias Históricas de Toledo.
_96297
852 4 _aES-MaACL
_jN-8076
_hDonación: Manuela Estévez
_cDEPOJ
_bR. 152188
_9199380
903 _aEstévez, Manuela
_9234418
_ednr
942 _cMONOGRAFIA
_n0
999 _c192098
_d192098